| 000 | 00687nam a22002297a 4500 | ||
|---|---|---|---|
| 003 | UA-OsUOA | ||
| 001 | 91201 | ||
| 007 | ta | ||
| 008 | 20121126b un ||||| |||| 00| 0 ukr d | ||
| 090 |
_a821.161.2 _bС28 |
||
| 942 | _cBK | ||
| 040 |
_aUA-OsUOA _bukr _cUA-OsUOA _dUA-OsUOA |
||
| 245 |
_aСебе й життя перетворити _bстатті, нариси, інтерв'ю _cупоряд. Плаксюк К. Г. |
||
| 300 | _a144 с. | ||
| 955 | _a3 | ||
| 041 | _aukr | ||
| 080 | _a821.161.2 | ||
| 020 | _a5-7745-0119-1 | ||
| 260 |
_aЛьвів _bКаменяр _c1988 |
||
| 650 | 7 |
_a82 Література. Літературознавство _2UDC |
|
| 999 |
_c377468 _d377468 |
||